Normal view
MARC view
- بن ابراهيم، الغالي
Entry Personal Name
001 - CONTROL NUMBER
- control field: 58139
003 - CONTROL NUMBER IDENTIFIER
- control field: JO-AjAnu
005 - DATE AND TIME OF LATEST TRANSACTION
- control field: 20230606083521.0
008 - FIXED-LENGTH DATA ELEMENTS
- fixed length control field: 230606|| aca||aabn | a|a d
040 ## - CATALOGING SOURCE
- Original cataloging agency: JO-AjAnu
- Transcribing agency: JO-AjAnu
100 ## - HEADING--PERSONAL NAME
- Personal name: بن ابراهيم، الغالي
670 ## - SOURCE DATA FOUND
- Source citation: Work cat.: (JO-AjAnu)29661: بن ابراهيم، الغالي , author, تحليل الربحيه التجاريه لاتخاذ القرارات الاستثماريه في البنوك الاسلاميه: دراسه علميه